000 00306nam a22001337a 4500
020 _a81-7992-162
082 _a100
_bSHA/M
100 _aSHARMA,ROBIN
245 _aTHE MONK WHO SOLD HIS FERRARI
260 _aINDIA
_bJAICO BOOKS
300 _a197
650 _aPERSONALITY DEVELOPMENT
_zINDIA
942 _cBK
999 _c5354
_d5354